Možnosti tvorby a využitia sociálneho fondu

Tvorba sociálneho fondu. Povinný prídel. Nepovinný prídel. Ďalšie zdroje tvorby sociálneho fondu. Použitie sociálneho fondu. Účtovanie sociálneho fondu. Vykazovanie sociálneho fondu v účtovnej závierke.

Uložené v:
Podrobná bibliografia
Hlavný autor: Mateášová, Martina, 1979-
Médium: Kapitola
Jazyk:Slovak
Predmet:
Tagy: Pridať tag
Žiadne tagy, Buďte prvý, kto otaguje tento záznam!

MARC

LEADER 00000naa$a2200000$$$4500
001 0084749
005 20240502071947.6
041 0 |a slo 
044 |a SK 
245 1 0 |a Možnosti tvorby a využitia sociálneho fondu  |c Martina Mateášová 
520 |a Tvorba sociálneho fondu. Povinný prídel. Nepovinný prídel. Ďalšie zdroje tvorby sociálneho fondu. Použitie sociálneho fondu. Účtovanie sociálneho fondu. Vykazovanie sociálneho fondu v účtovnej závierke. 
610 2 0 |a účtovanie 
610 2 0 |a účtovníctvo podvojné 
610 2 0 |a účty 
610 2 0 |a fond sociálny 
610 2 0 |a závierka účtovná 
100 1 |a Mateášová, Martina, 1979-